Language Quiz

Random Language Quiz

A1 kviz Quiz Stats

 Plays Quiz not verified by Sporcle

Score 0/20 Timer 10:00
0 Plays Today
Question Answer Wrong Answers
Apfel? Jabuka?
75.9%
Trešnja?
10.3%
Kruška?
0%
Jagoda?
13.8%
Er ____________ aus Polen. Kommt
75.9%
Kommst
6.9%
Kommen
10.3%
Komme
6.9%
Voz? Zug?
72.4%
Lkw?
3.4%
Flugzeug?
3.4%
Motorrad?
10.3%
Wohnzimmer? Dnevna soba?
72.4%
Kupatilo?
3.4%
Spavaća soba?
10.3%
Kuhinja?
3.4%
Wir __________ zu Hause. Sind?
72.4%
Seid?
0%
Ist?
6.9%
Bist?
10.3%
Kopf? Glava?
72.4%
Noga?
10.3%
Ruka?
3.4%
Prst?
6.9%
42? Zwei und vierzig?
69%
Vierzig und zwei?
0%
Vier und zwanzig?
6.9%
Zwei und vierzehn?
10.3%
Montag, ___________, Mittwoch? Dienstag?
69%
Freitag?
6.9%
Sonntag?
10.3%
Donnerstag?
3.4%
Nachmittag? Poslije podne
69%
Podne
6.9%
Prije podne
6.9%
Jutro
3.4%
Ćerka? Tochter?
65.5%
Sohn?
6.9%
Kusine?
6.9%
Tante?
10.3%
Tür? Vrata?
65.5%
Stolica?
17.2%
Fotelja?
0%
Prozor?
6.9%
Du ___________ in Köln. Wohnst
58.6%
Wohnt
17.2%
Wohnen
10.3%
Wohne
6.9%
Hast du Zeit für eine Reise? Ja, ich habe Zeit für eine Reise.
58.6%
Ja, ich haben Zeit.
17.2%
Ja, ich habst Zeit für eine Reise.
6.9%
Ja, ich habt Zeit für eine Reise.
6.9%
Vormittag? Prije podne?
55.2%
Veče?
3.4%
Jutro?
17.2%
Poslije podne?
13.8%
87? Sieben und achtzig?
55.2%
Achtzen und sieben
0%
Achtzig und sieben?
6.9%
Sieben und achtzehn?
24.1%
56? Sechs und fünfzig?
48.3%
Sechzehn und fünf
6.9%
Fünf und sechzig
17.2%
Sechs unf fünfzehn
13.8%
Ihr ___________ eine Wohnung. Kauft
44.8%
Kaufst
10.3%
Kaufen
34.5%
Kaufe
10.3%
Stadt? Država
41.4%
Selo
3.4%
Grad
48.3%
Prodavnica
6.9%
Moj hobi je fudbal. Mein Hobby ist Fußball?
41.4%
Meine Hobby ist Fußball?
31%
Main Hobby ist Fußball?
17.2%
Mein Hobbys sind Fußball?
6.9%
Wie alt bist du? Ich bin 18 Jahre alt
41.4%
Ich habe 18 Jahre alt
13.8%
Ich bin alt 18 Jahre
6.9%
Ich haben 18 Jahre
24.1%

You're not logged in!

Compare scores with friends on all Sporcle quizzes.
OR
Log In

Sporcle TV

Today on Sporcle TV


Watch our educational content, quiz creation guides, and fun videos on Sporcle TV.

Show Comments

Extras

Created Aug 27, 2017ReportNominate

Top Quizzes Today


Score Distribution

Your Account Isn't Verified!

In order to create a playlist on Sporcle, you need to verify the email address you used during registration. Go to your Sporcle Settings to finish the process.

Report this User

Report this user for behavior that violates our Community Guidelines.

Details: